[Event "Muensterland Verbandsklasse 2526"]
[Site "Germany"]
[Date "2026.03.14"]
[Round "7"]
[Board "3"]
[White "Binger, Friedhelm"]
[Black "Almohammad, Abbas"]
[Result "0-1"]
[WhiteElo "1688"]
[BlackElo "1770"]
[WhiteFideId "-1"]
[BlackFideId "-1"]
[PlyCount "63"]
[GameId "2095107233178822"]
[EventDate "2025.??.??"]
[EventType "team-tourn"]
[EventRounds "9"]
[EventCountry "GER"]
[SourceTitle "Verband Muensterland"]
[SourceDate "2026.01.17"]
[SourceVersion "1"]
[SourceVersionDate "2026.01.17"]
[SourceQuality "1"]
[WhiteTeam "Gronau II"]
[BlackTeam "Telgte"]
[WhiteTeamCountry "GER"]
[BlackTeamCountry "GER"]

1. e4 c5 2. Nf3 d6 3. d4 cxd4 4. Nxd4 Nf6 5. Nc3 a6 6. Be2 e5 7. Nb3 Be6 8. Be3 Be7 9. O-O O-O 10. f3 Nbd7 11. Nd5 Bxd5 12. exd5 b5 13. c4 bxc4 14. Bxc4 Nb6 15. Qd3 Nxc4 16. Qxc4 Qb8 17. Rfd1 Rc8 18. Qd3 a5 19. Rab1 Qb7 20. Nc1 h6 21. Ne2 a4 22. a3 Rc7 23. Nc3 Qb3 24. g4 Nd7 25. h3 Ra5 26. Kg2 Nc5 27. Bxc5 Raxc5 28. Kg3 Bg5 29. Kg2 Bf4 30. Kf1 Rc4 31. Ke2 Rd4 32. Qb5 0-1

[Event "Muensterland Verbandsklasse 2526"]
[Site "Germany"]
[Date "2026.03.14"]
[Round "7"]
[Board "4"]
[White "Esser, Peter"]
[Black "Schoewer Lingemann, Thorsten"]
[Result "0-1"]
[WhiteElo "1757"]
[BlackElo "1729"]
[WhiteFideId "-1"]
[BlackFideId "-1"]
[PlyCount "78"]
[GameId "2095107319190735"]
[EventDate "2025.??.??"]
[EventType "team-tourn"]
[EventRounds "9"]
[EventCountry "GER"]
[SourceTitle "Verband Muensterland"]
[SourceDate "2026.01.17"]
[SourceVersion "1"]
[SourceVersionDate "2026.01.17"]
[SourceQuality "1"]
[WhiteTeam "Telgte"]
[BlackTeam "Gronau II"]
[WhiteTeamCountry "GER"]
[BlackTeamCountry "GER"]

1. d4 Nf6 2. c4 g6 3. Nc3 Bg7 4. e4 d6 5. h3 O-O 6. Be3 e5 7. d5 a5 8. Bd3 Bd7 9. Qd2 Na6 10. g4 Nc5 11. Bc2 Qe8 12. a4 Ncxe4 13. Nxe4 Nxe4 14. Bxe4 f5 15. Bh6 fxe4 16. b3 Bxh6 17. Qxh6 Qf7 18. Qe3 Qf4 19. Ne2 Qxe3 20. fxe3 Rf3 21. Kd2 Raf8 22. Rag1 h6 23. Ng3 Rf2+ 24. Ne2 Kg7 25. Rg3 R8f3 26. Rgg1 c6 27. Rc1 Rg2 28. Rcg1 Rxg1 29. Nxg1 Rf1 30. Kc3 cxd5 31. cxd5 b5 32. axb5 Bxb5 33. Kd2 Bd3 34. Kc3 Ba6 35. Kd2 Bb7 36. Kc3 Bxd5 37. Rh2 Rxg1 38. Rd2 Rc1+ 39. Kb2 Rc5 0-1

[Event "Muensterland Verbandsklasse 2526"]
[Site "Germany"]
[Date "2026.03.14"]
[Round "7"]
[Board "5"]
[White "Naber, Wolfgang"]
[Black "Stepa, Rainer"]
[Result "1/2-1/2"]
[WhiteElo "1666"]
[BlackElo "1737"]
[WhiteFideId "-1"]
[BlackFideId "-1"]
[PlyCount "70"]
[GameId "2095107403830488"]
[EventDate "2025.??.??"]
[EventType "team-tourn"]
[EventRounds "9"]
[EventCountry "GER"]
[SourceTitle "Verband Muensterland"]
[SourceDate "2026.01.17"]
[SourceVersion "1"]
[SourceVersionDate "2026.01.17"]
[SourceQuality "1"]
[WhiteTeam "Gronau II"]
[BlackTeam "Telgte"]
[WhiteTeamCountry "GER"]
[BlackTeamCountry "GER"]

1. d4 d5 2. Nf3 c6 3. c4 e6 4. Nc3 dxc4 5. e3 b5 6. a4 Bb4 7. Ne5 Nf6 8. Qf3 Qd5 9. Qg3 O-O 10. f3 Bb7 11. Bd2 Bxc3 12. Bxc3 Qd8 13. e4 a6 14. Be2 Qc7 15. Qf2 Nbd7 16. Nxd7 Qxd7 17. O-O Rfd8 18. Rfd1 Qe7 19. Bd2 Nd7 20. Be3 f6 21. Qe1 c5 22. dxc5 Ne5 23. axb5 axb5 24. Rxa8 Bxa8 25. Rxd8+ Qxd8 26. Qc3 Bc6 27. b3 cxb3 28. Qxb3 Qd7 29. f4 Nf7 30. Bg4 Nd8 31. f5 Kf7 32. Bf3 Kg8 33. Bg4 Kf7 34. Bf3 Kg8 35. Bg4 Kf7 1/2-1/2

[Event "Muensterland Verbandsklasse 2526"]
[Site "Germany"]
[Date "2026.03.14"]
[Round "7"]
[Board "6"]
[White "Koenig, Michael"]
[Black "Schlueter, Gerhard"]
[Result "1-0"]
[WhiteElo "1670"]
[BlackElo "1606"]
[WhiteFideId "-1"]
[BlackFideId "-1"]
[PlyCount "23"]
[GameId "2095107464140001"]
[EventDate "2025.??.??"]
[EventType "team-tourn"]
[EventRounds "9"]
[EventCountry "GER"]
[SourceTitle "Verband Muensterland"]
[SourceDate "2026.01.17"]
[SourceVersion "1"]
[SourceVersionDate "2026.01.17"]
[SourceQuality "1"]
[WhiteTeam "Telgte"]
[BlackTeam "Gronau II"]
[WhiteTeamCountry "GER"]
[BlackTeamCountry "GER"]

1. e4 e5 2. Nf3 Nc6 3. Bc4 Be7 4. d4 d6 5. dxe5 dxe5 6. Qe2 Bg4 7. Bb5 Bd6 8. Bxc6+ bxc6 9. Be3 Nf6 10. Nbd2 Qe7 11. Qa6 c5 12. Qc6+ 1-0

[Event "Muensterland Verbandsklasse 2526"]
[Site "Germany"]
[Date "2026.03.14"]
[Round "7"]
[Board "7"]
[White "Baer, Klaus"]
[Black "Rex, Dieter"]
[Result "1/2-1/2"]
[WhiteElo "1577"]
[BlackElo "1643"]
[WhiteFideId "-1"]
[BlackFideId "-1"]
[PlyCount "55"]
[GameId "2095107553645802"]
[EventDate "2025.??.??"]
[EventType "team-tourn"]
[EventRounds "9"]
[EventCountry "GER"]
[SourceTitle "Verband Muensterland"]
[SourceDate "2026.01.17"]
[SourceVersion "1"]
[SourceVersionDate "2026.01.17"]
[SourceQuality "1"]
[WhiteTeam "Gronau II"]
[BlackTeam "Telgte"]
[WhiteTeamCountry "GER"]
[BlackTeamCountry "GER"]

1. Nf3 c5 2. e3 d5 3. d4 e6 4. b3 Nf6 5. Bd3 Bd6 6. O-O O-O 7. Nbd2 Nc6 8. Bb2 Qe7 9. Ne5 cxd4 10. exd4 Qc7 11. f4 Bd7 12. a3 a6 13. c4 dxc4 14. Ndxc4 Be7 15. Nxd7 Nxd7 16. Qc2 Nf6 17. Ne5 Rac8 18. Nxc6 Qxc6 19. Qxc6 Rxc6 20. Rac1 Rfc8 21. Rxc6 Rxc6 22. Rc1 Rxc1+ 23. Bxc1 Bd8 24. Bb2 Ng4 25. Be2 Ne3 26. Kf2 Nf5 27. Bd3 Nd6 28. Ke2 1/2-1/2

[Event "Muensterland Verbandsklasse 2526"]
[Site "Germany"]
[Date "2026.03.14"]
[Round "7"]
[Board "8"]
[White "Kuhlenbaeumer, Alfred"]
[Black "Hauser, Emilian"]
[Result "1-0"]
[WhiteElo "1781"]
[BlackElo "1522"]
[WhiteFideId "-1"]
[BlackFideId "-1"]
[PlyCount "67"]
[GameId "2095107615425779"]
[EventDate "2025.??.??"]
[EventType "team-tourn"]
[EventRounds "9"]
[EventCountry "GER"]
[SourceTitle "Verband Muensterland"]
[SourceDate "2026.01.17"]
[SourceVersion "1"]
[SourceVersionDate "2026.01.17"]
[SourceQuality "1"]
[WhiteTeam "Telgte"]
[BlackTeam "Gronau II"]
[WhiteTeamCountry "GER"]
[BlackTeamCountry "GER"]

1. e4 e5 2. Nf3 Nc6 3. Bb5 a6 4. Ba4 Nf6 5. O-O b5 6. Bb3 Be7 7. Re1 O-O 8. c3 Bb7 9. d4 d6 10. Nbd2 Re8 11. a4 Bf8 12. Bc2 g6 13. Nf1 Bg7 14. Ng3 Qd7 15. Bd2 Nd8 16. Qc1 exd4 17. cxd4 Ne6 18. h3 Re7 19. axb5 axb5 20. Rxa8+ Bxa8 21. Qa1 Bb7 22. Bd3 Ne8 23. Be3 c5 24. Qa5 N8c7 25. Qb6 cxd4 26. Nxd4 Nxd4 27. Bxd4 Na8 28. Qa7 Qe8 29. Bxg7 Kxg7 30. Qd4+ Kg8 31. Qxd6 Re6 32. Qb4 Bc6 33. Bb1 f5 34. Ba2 1-0

[Event "Muensterland Verbandsklasse 2526"]
[Site "Germany"]
[Date "2026.04.25"]
[Round "8"]
[Board "2"]
[White "Kecker, Lars"]
[Black "Hols, Bernhard"]
[Result "0-1"]
[WhiteElo "1866"]
[BlackElo "1792"]
[WhiteFideId "-1"]
[BlackFideId "-1"]
[PlyCount "102"]
[GameId "2305634788825207"]
[EventDate "2025.??.??"]
[EventType "team-tourn"]
[EventRounds "9"]
[EventCountry "GER"]
[SourceTitle "Verband Muensterland"]
[SourceDate "2026.01.17"]
[SourceVersion "1"]
[SourceVersionDate "2026.01.17"]
[SourceQuality "1"]
[WhiteTeam "Greven"]
[BlackTeam "Nordwalde"]
[WhiteTeamCountry "GER"]
[BlackTeamCountry "GER"]

1. d4 Nf6 2. Bf4 b6 3. Nf3 Bb7 4. e3 e6 5. Bd3 d6 6. O-O Be7 7. Nbd2 Nh5 8. Bg3 Nd7 9. c3 Nxg3 10. hxg3 O-O 11. Qc2 g6 12. a4 Bf6 13. a5 Qe7 14. Ra3 a6 15. axb6 cxb6 16. Rfa1 Nb8 17. Qb3 Qc7 18. Ne1 Qc6 19. Qc4 Rc8 20. f3 Be7 21. Qxc6 Rxc6 22. Nc2 d5 23. Ra4 Rc8 24. R4a2 a5 25. e4 dxe4 26. Bxe4 Ra7 27. Bxb7 Rxb7 28. Re1 Nc6 29. Ne4 Kg7 30. Re3 e5 31. dxe5 Nxe5 32. Nd4 Nc4 33. Re2 f5 34. Nd2 Bc5 35. N2b3 Bd6 36. Kf2 Re7 37. Rxe7+ Bxe7 38. Ke2 Bf6 39. Kd3 Nd6 40. Nd2 Kf7 41. b4 Bxd4 42. cxd4 axb4 43. Rb2 Rc1 44. Ke2 Ke6 45. Rxb4 b5 46. Rb2 Kd5 47. Kd3 Rd1 48. Kc3 Rg1 49. Nb3 Re1 50. Kd3 Nc4 51. Rc2 Re3# 0-1

[Event "Muensterland Verbandsklasse 2526"]
[Site "Germany"]
[Date "2026.04.25"]
[Round "8"]
[Board "3"]
[White "Sandmann, Matthias"]
[Black "Schaefertoens, Robert"]
[Result "1/2-1/2"]
[WhiteElo "1766"]
[BlackElo "1774"]
[WhiteFideId "-1"]
[BlackFideId "-1"]
[PlyCount "28"]
[GameId "2305634788825209"]
[EventDate "2025.??.??"]
[EventType "team-tourn"]
[EventRounds "9"]
[EventCountry "GER"]
[SourceTitle "Verband Muensterland"]
[SourceDate "2026.01.17"]
[SourceVersion "1"]
[SourceVersionDate "2026.01.17"]
[SourceQuality "1"]
[WhiteTeam "Nordwalde"]
[BlackTeam "Greven"]
[WhiteTeamCountry "GER"]
[BlackTeamCountry "GER"]

1. d4 e6 2. e4 d5 3. Nc3 dxe4 4. Nxe4 b6 5. Bb5+ c6 6. Be2 Be7 7. Nf3 Bb7 8. O-O Nf6 9. Ng3 Nbd7 10. c3 c5 11. Qc2 Qc7 12. Bg5 O-O 13. Rad1 h6 14. Bc1 Rad8 1/2-1/2

[Event "Muensterland Verbandsklasse 2526"]
[Site "Germany"]
[Date "2026.04.25"]
[Round "8"]
[Board "4"]
[White "Volk, Hans Ludwig"]
[Black "Keller, Hansjuergen"]
[Result "1/2-1/2"]
[WhiteElo "1756"]
[BlackElo "1506"]
[WhiteFideId "-1"]
[BlackFideId "-1"]
[PlyCount "70"]
[GameId "2305634788825211"]
[EventDate "2025.??.??"]
[EventType "team-tourn"]
[EventRounds "9"]
[EventCountry "GER"]
[SourceTitle "Verband Muensterland"]
[SourceDate "2026.01.17"]
[SourceVersion "1"]
[SourceVersionDate "2026.01.17"]
[SourceQuality "1"]
[WhiteTeam "Greven"]
[BlackTeam "Nordwalde"]
[WhiteTeamCountry "GER"]
[BlackTeamCountry "GER"]

1. c4 e6 2. Nc3 d5 3. cxd5 exd5 4. Nf3 c6 5. e3 Nf6 6. Be2 Bd6 7. O-O O-O 8. d4 h6 9. Bd2 Bf5 10. Rc1 Nbd7 11. h3 Ne4 12. Nxe4 Bxe4 13. Ne1 Nf6 14. f3 Bg6 15. Bd3 Bxd3 16. Nxd3 Re8 17. Nf2 Rc8 18. Qa4 a6 19. Qb3 Qd7 20. Qd3 c5 21. dxc5 Bxc5 22. b4 Bb6 23. Rxc8 Rxc8 24. Bc3 Ne8 25. Rd1 Qe6 26. Bd4 Bxd4 27. Qxd4 Nf6 28. Qd2 Rc4 29. Nd3 b6 30. Kf2 Qc8 31. Rc1 Kf8 32. Ke1 Ke7 33. Kd1 Rxc1+ 34. Nxc1 Qc4 35. Ne2 b5 1/2-1/2

[Event "Muensterland Verbandsklasse 2526"]
[Site "Germany"]
[Date "2026.04.25"]
[Round "8"]
[Board "5"]
[White "Schmalbrock, Andreas"]
[Black "Toews, Andreas"]
[Result "1/2-1/2"]
[WhiteElo "1386"]
[BlackElo "1675"]
[WhiteFideId "-1"]
[BlackFideId "-1"]
[PlyCount "84"]
[GameId "2305634788825213"]
[EventDate "2025.??.??"]
[EventType "team-tourn"]
[EventRounds "9"]
[EventCountry "GER"]
[SourceTitle "Verband Muensterland"]
[SourceDate "2026.01.17"]
[SourceVersion "1"]
[SourceVersionDate "2026.01.17"]
[SourceQuality "1"]
[WhiteTeam "Nordwalde"]
[BlackTeam "Greven"]
[WhiteTeamCountry "GER"]
[BlackTeamCountry "GER"]

1. e4 c5 2. Nc3 e6 3. Nf3 Nc6 4. Bc4 a6 5. a4 d6 6. O-O Nf6 7. d3 Be7 8. Re1 Ng4 9. h3 Nge5 10. Ba2 Nd4 11. Nxe5 dxe5 12. Ne2 Bd7 13. c3 Nxe2+ 14. Rxe2 b5 15. Bb3 O-O 16. Be3 Qc7 17. Rd2 Rfd8 18. Qg4 c4 19. Bc2 bxa4 20. d4 exd4 21. Bxd4 e5 22. Bb6 Bxg4 23. Rxd8+ Qxd8 24. Bxd8 Rxd8 25. hxg4 Rd2 26. Bxa4 Bc5 27. Kh2 Rxf2 28. Bc6 Rxb2 29. Bd5 Rb6 30. Bxc4 Bf2 31. g3 Kf8 32. Rxa6 Rxa6 33. Bxa6 g5 34. Kg2 Be1 35. c4 Bb4 36. Kf3 Ke7 37. Ke2 Kd6 38. Bb5 Kc5 39. Ba6 Kd4 40. Kf3 Bc5 41. Bb5 Kd3 42. Ba6 Kd2 1/2-1/2

[Event "Muensterland Verbandsklasse 2526"]
[Site "Germany"]
[Date "2026.04.25"]
[Round "8"]
[Board "6"]
[White "Soppe, Peter"]
[Black "Overesch, Dieter"]
[Result "1/2-1/2"]
[WhiteElo "1547"]
[BlackElo "1658"]
[WhiteFideId "-1"]
[BlackFideId "-1"]
[PlyCount "128"]
[GameId "2305634788825215"]
[EventDate "2025.??.??"]
[EventType "team-tourn"]
[EventRounds "9"]
[EventCountry "GER"]
[SourceTitle "Verband Muensterland"]
[SourceDate "2026.01.17"]
[SourceVersion "1"]
[SourceVersionDate "2026.01.17"]
[SourceQuality "1"]
[WhiteTeam "Greven"]
[BlackTeam "Nordwalde"]
[WhiteTeamCountry "GER"]
[BlackTeamCountry "GER"]

1. c4 d6 2. Nc3 e5 3. g3 Nf6 4. Bg2 c6 5. e3 Be7 6. Nge2 Nbd7 7. b3 O-O 8. O-O Re8 9. Bb2 Bf8 10. d4 Qc7 11. d5 a6 12. dxc6 bxc6 13. Qc2 g6 14. Ne4 Nxe4 15. Qxe4 Bb7 16. Rac1 Nc5 17. Qc2 Bg7 18. b4 Ne6 19. h4 Rab8 20. Nc3 h6 21. Rfd1 Rbd8 22. a3 Bc8 23. b5 cxb5 24. cxb5 axb5 25. Nxb5 Qxc2 26. Rxc2 Bf8 27. Bc6 Bd7 28. Bxd7 Rxd7 29. Bxe5 d5 30. a4 Nc5 31. Ba1 Nxa4 32. Rc7 Red8 33. Bf6 Rxc7 34. Nxc7 Rd7 35. Nxd5 Nb6 36. e4 Nxd5 37. Rxd5 Rxd5 38. exd5 Bd6 39. Kg2 Kf8 40. f4 h5 41. Kf3 Ke8 42. Be5 Bc5 43. g4 hxg4+ 44. Kxg4 Bf2 45. h5 gxh5+ 46. Kxh5 Bg3 47. Kg4 Bh2 48. Kf5 Bg3 49. Ke4 Kd7 50. f5 Bh4 51. Kd4 Bf2+ 52. Ke4 Bh4 53. Bg7 f6 54. Bf8 Bg5 55. Kd4 Bh4 56. Kc5 Bf2+ 57. Kb5 Be3 58. Bc5 Bf4 59. Bd4 Bg5 60. Kc5 Bh4 61. d6 Bg5 62. Kd5 Bh4 63. Be3 Bg3 64. Bc5 Bf4 1/2-1/2

[Event "Muensterland Verbandsklasse 2526"]
[Site "Germany"]
[Date "2026.04.25"]
[Round "8"]
[Board "7"]
[White "Blomqvist, Pontus"]
[Black "Kuestermann, Dieter"]
[Result "0-1"]
[WhiteElo "1404"]
[BlackElo "1580"]
[WhiteFideId "-1"]
[BlackFideId "-1"]
[PlyCount "56"]
[GameId "2305634788825217"]
[EventDate "2025.??.??"]
[EventType "team-tourn"]
[EventRounds "9"]
[EventCountry "GER"]
[SourceTitle "Verband Muensterland"]
[SourceDate "2026.01.17"]
[SourceVersion "1"]
[SourceVersionDate "2026.01.17"]
[SourceQuality "1"]
[WhiteTeam "Nordwalde"]
[BlackTeam "Greven"]
[WhiteTeamCountry "GER"]
[BlackTeamCountry "GER"]

1. e4 e5 2. Nf3 Nc6 3. Bc4 Bc5 4. d3 h6 5. Be3 Bb6 6. Nc3 Nf6 7. O-O O-O 8. Qd2 Bxe3 9. fxe3 d6 10. Nh4 Nxe4 11. Qe1 Ng5 12. Ng6 Be6 13. Bxe6 Nxe6 14. Nxf8 Qxf8 15. Qg3 Ne7 16. Rf2 f6 17. Raf1 Kh8 18. Qh4 Ng8 19. Ne4 Qe7 20. Qg4 Rf8 21. Nc3 c6 22. h3 d5 23. d4 exd4 24. exd4 Ng5 25. a4 Qb4 26. Qg3 Qxd4 27. Rd1 Qc5 28. Rd3 d4 0-1

[Event "Muensterland Verbandsklasse 2526"]
[Site "Germany"]
[Date "2026.04.25"]
[Round "8"]
[Board "8"]
[White "Soppe, Victoria"]
[Black "Berken, Andre"]
[Result "1-0"]
[WhiteElo "1471"]
[BlackElo "1312"]
[WhiteFideId "-1"]
[BlackFideId "-1"]
[PlyCount "23"]
[GameId "2305634788825219"]
[EventDate "2025.??.??"]
[EventType "team-tourn"]
[EventRounds "9"]
[EventCountry "GER"]
[SourceTitle "Verband Muensterland"]
[SourceDate "2026.01.17"]
[SourceVersion "1"]
[SourceVersionDate "2026.01.17"]
[SourceQuality "1"]
[WhiteTeam "Greven"]
[BlackTeam "Nordwalde"]
[WhiteTeamCountry "GER"]
[BlackTeamCountry "GER"]

1. d4 d5 2. e3 Nf6 3. Bd3 g6 4. c3 Bg7 5. Nd2 O-O 6. e4 dxe4 7. Nxe4 Nxe4 8. Bxe4 e5 9. dxe5 Qxd1+ 10. Kxd1 Bxe5 11. Be3 Be6 12. Bxb7 1-0

[Event "Muensterland Verbandsklasse 2526"]
[Site "Germany"]
[Date "2026.04.25"]
[Round "8"]
[Board "1"]
[White "Georg, Felix"]
[Black "Hoffmann, Nico"]
[Result "1/2-1/2"]
[WhiteElo "2042"]
[BlackElo "1866"]
[WhiteFideId "-1"]
[BlackFideId "-1"]
[PlyCount "31"]
[GameId "2304341880504320"]
[EventDate "2025.??.??"]
[EventType "team-tourn"]
[EventRounds "9"]
[EventCountry "GER"]
[SourceTitle "Verband Muensterland"]
[SourceDate "2026.01.17"]
[SourceVersion "1"]
[SourceVersionDate "2026.01.17"]
[SourceQuality "1"]
[WhiteTeam "Nordkirchen"]
[BlackTeam "Drensteinfurt"]
[WhiteTeamCountry "GER"]
[BlackTeamCountry "GER"]

1. e4 c5 2. Nf3 d6 3. d4 cxd4 4. Nxd4 Nf6 5. Nc3 Nc6 6. Bb5 Bd7 7. Bg5 e6 8. Qd3 Be7 9. O-O-O a6 10. Bxc6 bxc6 11. Nb3 Qc7 12. Bxf6 gxf6 13. Rhe1 a5 14. a4 Rb8 15. Qa6 Rg8 16. g3 1/2-1/2

[Event "Muensterland Verbandsklasse 2526"]
[Site "Germany"]
[Date "2026.04.25"]
[Round "8"]
[Board "2"]
[White "Prokscha, Maurice"]
[Black "Husemann, Andreas"]
[Result "1/2-1/2"]
[WhiteElo "1781"]
[BlackElo "1858"]
[WhiteFideId "-1"]
[BlackFideId "-1"]
[PlyCount "58"]
[GameId "2304341930835968"]
[EventDate "2025.??.??"]
[EventType "team-tourn"]
[EventRounds "9"]
[EventCountry "GER"]
[SourceTitle "Verband Muensterland"]
[SourceDate "2026.01.17"]
[SourceVersion "1"]
[SourceVersionDate "2026.01.17"]
[SourceQuality "1"]
[WhiteTeam "Drensteinfurt"]
[BlackTeam "Nordkirchen"]
[WhiteTeamCountry "GER"]
[BlackTeamCountry "GER"]

1. d4 Nf6 2. Nf3 e6 3. g3 c5 4. c3 Nc6 5. Bg2 d5 6. O-O cxd4 7. cxd4 Bd6 8. Nc3 a6 9. Re1 O-O 10. Bg5 Be7 11. a3 h6 12. Bd2 Bd7 13. b4 Ne4 14. e3 Nxc3 15. Bxc3 Rc8 16. Qb3 Qb6 17. Bf1 Bf6 18. Qb2 Ne7 19. a4 Nf5 20. Rec1 Nd6 21. Nd2 Be7 22. Nb3 Nc4 23. Bxc4 Rxc4 24. Nc5 Bc8 25. Bd2 Rxc1+ 26. Qxc1 Qc6 27. Qf1 Bxc5 28. bxc5 Bd7 29. Ba5 Qc8 1/2-1/2

[Event "Muensterland Verbandsklasse 2526"]
[Site "Germany"]
[Date "2026.04.25"]
[Round "8"]
[Board "3"]
[White "Jendrich, Manuel"]
[Black "Broeker, Yannic"]
[Result "1/2-1/2"]
[WhiteElo "1832"]
[BlackElo "1863"]
[WhiteFideId "-1"]
[BlackFideId "-1"]
[PlyCount "48"]
[GameId "2304341976981504"]
[EventDate "2025.??.??"]
[EventType "team-tourn"]
[EventRounds "9"]
[EventCountry "GER"]
[SourceTitle "Verband Muensterland"]
[SourceDate "2026.01.17"]
[SourceVersion "1"]
[SourceVersionDate "2026.01.17"]
[SourceQuality "1"]
[WhiteTeam "Nordkirchen"]
[BlackTeam "Drensteinfurt"]
[WhiteTeamCountry "GER"]
[BlackTeamCountry "GER"]

1. e4 d5 2. exd5 Qxd5 3. Nc3 Qa5 4. Bc4 Nf6 5. d3 a6 6. Bd2 Qf5 7. Qf3 Qxf3 8. Nxf3 b5 9. Bb3 Bb7 10. Ng5 e6 11. O-O Bd6 12. Nge4 Nbd7 13. Nxd6+ cxd6 14. d4 O-O 15. Ne2 a5 16. c3 Bd5 17. Bxd5 Nxd5 18. Nf4 N7b6 19. Rad1 Rfc8 20. a3 h6 21. f3 Rc6 22. Nxd5 Nxd5 23. Rf2 a4 24. Re2 Nb6 1/2-1/2

[Event "Muensterland Verbandsklasse 2526"]
[Site "Germany"]
[Date "2026.04.25"]
[Round "8"]
[Board "4"]
[White "Saphoerster, Arne"]
[Black "Grawunder, Juergen"]
[Result "1-0"]
[WhiteElo "1705"]
[BlackElo "1915"]
[WhiteFideId "-1"]
[BlackFideId "-1"]
[PlyCount "58"]
[GameId "2304342014730240"]
[EventDate "2025.??.??"]
[EventType "team-tourn"]
[EventRounds "9"]
[EventCountry "GER"]
[SourceTitle "Verband Muensterland"]
[SourceDate "2026.01.17"]
[SourceVersion "1"]
[SourceVersionDate "2026.01.17"]
[SourceQuality "1"]
[WhiteTeam "Drensteinfurt"]
[BlackTeam "Nordkirchen"]
[WhiteTeamCountry "GER"]
[BlackTeamCountry "GER"]

1. d4 d6 2. c4 Nd7 3. Nf3 g6 4. e4 Bg7 5. Nc3 c6 6. Be3 Qc7 7. Rc1 Ngf6 8. h3 O-O 9. Bd3 e5 10. d5 c5 11. O-O h6 12. Nh4 Qd8 13. g3 Nh5 14. Kh2 Nf4 15. Ng2 Nxd3 16. Qxd3 a6 17. a3 b6 18. b4 Kh7 19. Ne1 Nf6 20. f4 exf4 21. Bxf4 Nh5 22. Bd2 Be5 23. Ne2 Qd7 24. Nf4 g5 25. Nxh5 Qxh3+ 26. Kg1 Qxh5 27. Nc2 Bg4 28. Rf2 Kg7 29. Rh2 Bd7 1-0

[Event "Muensterland Verbandsklasse 2526"]
[Site "Germany"]
[Date "2026.04.25"]
[Round "8"]
[Board "5"]
[White "Steffens, Gerd"]
[Black "Walter, Kiara Laurien"]
[Result "1/2-1/2"]
[WhiteElo "1721"]
[BlackElo "1690"]
[WhiteFideId "-1"]
[BlackFideId "-1"]
[PlyCount "74"]
[GameId "2304342065061888"]
[EventDate "2025.??.??"]
[EventType "team-tourn"]
[EventRounds "9"]
[EventCountry "GER"]
[SourceTitle "Verband Muensterland"]
[SourceDate "2026.01.17"]
[SourceVersion "1"]
[SourceVersionDate "2026.01.17"]
[SourceQuality "1"]
[WhiteTeam "Nordkirchen"]
[BlackTeam "Drensteinfurt"]
[WhiteTeamCountry "GER"]
[BlackTeamCountry "GER"]

1. e4 c5 2. Nc3 e6 3. f4 g6 4. Nf3 Ne7 5. Be2 Bg7 6. O-O O-O 7. d3 Nbc6 8. Qe1 d6 9. Rb1 Nd4 10. Bd1 Nec6 11. Ne2 a6 12. Nexd4 cxd4 13. Bd2 b5 14. b3 a5 15. c4 b4 16. Ra1 Bd7 17. Bc2 Re8 18. a3 Qb6 19. a4 Nb8 20. Qh4 Na6 21. Rae1 Rac8 22. Ng5 h6 23. Nf3 Nc5 24. Kh1 d5 25. exd5 exd5 26. Ne5 Bxe5 27. fxe5 g5 28. Qxd4 Qb7 29. cxd5 Nxa4 30. Bd1 Nc3 31. Bh5 Rf8 32. Bxc3 bxc3 33. e6 fxe6 34. Rxf8+ Rxf8 35. dxe6 Bxe6 36. Qxc3 Qxb3 37. Qd2 Qa2 1/2-1/2

[Event "Muensterland Verbandsklasse 2526"]
[Site "Germany"]
[Date "2026.04.25"]
[Round "8"]
[Board "6"]
[White "Walter, Kiron"]
[Black "Heider, Ralf"]
[Result "1-0"]
[WhiteElo "1566"]
[BlackElo "1723"]
[WhiteFideId "-1"]
[BlackFideId "-1"]
[PlyCount "57"]
[GameId "2304342459326464"]
[EventDate "2025.??.??"]
[EventType "team-tourn"]
[EventRounds "9"]
[EventCountry "GER"]
[SourceTitle "Verband Muensterland"]
[SourceDate "2026.01.17"]
[SourceVersion "1"]
[SourceVersionDate "2026.01.17"]
[SourceQuality "1"]
[WhiteTeam "Drensteinfurt"]
[BlackTeam "Nordkirchen"]
[WhiteTeamCountry "GER"]
[BlackTeamCountry "GER"]

1. e4 d5 2. exd5 Qxd5 3. Nf3 Bg4 4. Be2 Nc6 5. c4 Qa5 6. O-O e6 7. d4 O-O-O 8. Be3 Nge7 9. Nbd2 Bxf3 10. Nxf3 Nf5 11. a3 Qb6 12. b4 Ncxd4 13. Nxd4 Nxd4 14. Kh1 Qd6 15. c5 Qe5 16. Bc4 Nf5 17. Qc1 Nxe3 18. fxe3 f5 19. a4 Be7 20. a5 a6 21. c6 Rd6 22. cxb7+ Kxb7 23. b5 axb5 24. Bxb5 Rb8 25. a6+ Kb6 26. Rb1 Rdd8 27. a7 Kxa7 28. Ra1+ Kb7 29. Qc6+ 1-0